000 01254cam a22003495a 4500
001 853410
003 EG-ScBUE
005 20220830104523.0
008 780612s1978 enkab f b 001 0 eng d
020 _a0333192117 (pbk.)
040 _aDLC
_beng
_erda
_cDLC
_dDLC
_dEG-ScBUE
082 0 4 _a711.4
_bPOC
_222
100 1 _aPocock, Douglas Charles David,
_d1935-
_eauthor.
245 1 0 _aImages of the urban environment /
_cDouglas Pocock and Ray Hudson, Department of Geography, University of Durham.
264 1 _aLondon ;
_aBasingstoke :
_bThe Macmillan Press Ltd.,
_c1978.
300 _ax, 181 pages :
_billustrations, maps ;
_c23 cm.
336 _2rdacontent
_atext
_btxt
337 _2rdamedia
_aunmediated
_bn
338 _2rdacarrier
_avolume
_bnc
490 0 _aFocal problems in geography series
504 _aIncludes bibliographical references and index.
650 7 _aCities and towns.
_2BUEsh
_940008
650 7 _aUrban ecology (Sociology)
_2BUEsh
650 7 _aHuman geography.
_2BUEsh
650 7 _aGeographical perception.
_2BUEsh
_924252
650 7 _aCity planning.
_2BUEsh
651 _2BUEsh
653 _bBUSECO
_bENGGEN
_cJanuary2018
655 _vReading book
_934232
700 1 _aHudson, Ray,
_d1948-
_eauthor.
942 _2ddc
_cBB
999 _c25937
_d25909